| 000 | 00569aas a2200169 4500 | ||
|---|---|---|---|
| 999 |
_c50422 _d50422 |
||
| 001 | 768714001 | ||
| 003 | CO-MdFUSB | ||
| 005 | 20170923090521.0 | ||
| 008 | 170904s1990 cr ||||| |||| 00| 0 spa d | ||
| 040 |
_aCO-MdFUSB _bspa _cCO-MdFUSB _dCO-MdFUSB |
||
| 041 | _aspa | ||
| 100 | 1 |
_aBaxter, Ern (-1993) _eautor |
|
| 245 | 1 | 0 |
_aGozo _b¿le hace falta en su vida? _c/ Baxter, Ern (-1993) |
| 300 |
_aVolumen 2. Número 3 (1990), páginas 38-40 _c: 28 cm. |
||
| 773 | 0 |
_tConquista Cristiana _049446 _960336 _gVolumen 2. Número 3 (1990), páginas 38-40 _qPágina 38. |
|
| 942 | _cANA | ||